| 000 | 00514nam a2200193Ia 4500 | ||
|---|---|---|---|
| 003 | GCL | ||
| 008 | 140319s9999 xx 000 0 eng d | ||
| 040 |
_aGCL / _cGCL |
||
| 082 | 0 | 4 |
_a621.317 _bS C |
| 100 | 1 | _aSONI. M. L. | |
| 245 | 1 | 0 |
_aA COURSE IN ELECTRICAL POWER / _cSONI. M. L. |
| 700 | 1 | _aGUPTA, P. V. | |
| 260 |
_a[S.N] : _bDHANPAT RAI & SONS ، _c1994 |
||
| 300 | _a177 P | ||
| 650 | 0 | 4 | _aالتحليل الرياضى |
| 650 | 0 | 4 | _aELECTRIC ENGINEERING |
| 650 | 0 | 4 | _aELECTRIC POWER |
| 942 |
_2ddc _cBK |
||
| 999 |
_c19782 _d19782 |
||